Groups-Canberra 1989 : australian National University Group Theory Program 1989
Saved in:
| Corporate Author: | |
|---|---|
| Other Authors: | |
| Format: | Conference Proceeding Book |
| Language: | English |
| Published: |
Berlin ; New York :
Springer-Verlag,
c1990.
|
| Series: | Lecture notes in mathematics (Springer-Verlag)
; 1456 |
| Subjects: | |
| Tags: |
Add Tag
No Tags, Be the first to tag this record!
|
MARC
| LEADER | 00000cam a2200000 i 4500 | ||
|---|---|---|---|
| 001 | 1/29726 | ||
| 008 | 941103s1990####gw | ||| |||| ||eng|| | ||
| 020 | |a 354053475X | ||
| 020 | |a 038753475X | ||
| 035 | |l 10038390 | ||
| 035 | |a 1993 | ||
| 040 | |a GR-MyUA |b gre |e AACR2 | ||
| 041 | 0 | |a eng | |
| 082 | 0 | |a 512.2 | |
| 245 | 1 | 0 | |a Groups-Canberra 1989 : |b australian National University Group Theory Program 1989 / |c L.G. Kovacs (Ed.). |
| 260 | |a Berlin ; |a New York : |b Springer-Verlag, |c c1990. | ||
| 300 | |a xii, 197 σ. ; |c 25 εκ. | ||
| 490 | 1 | |a (Lecture notes in mathematics (Springer-Verlag) |v ; 1456) | |
| 500 | |a Selected papers from the third International conference on the Theory of Groups and Related Topics, held at the Australian National University in Canberra Sept. 25-29, 1989. | ||
| 504 | |a Περιέχει βιβλιογραφικές αναφορές. | ||
| 650 | 0 | 0 | |a Group theory |x Congresses. |
| 700 | 1 | |a Kovacs, L. G. |e edt | |
| 711 | 2 | |a International Conference on the Theory of Groups and Related Topics |n (3rd : |d 1989 : |c Australian National University) | |
| 830 | 0 | |a Lecture notes in mathematics (Springer-Verlag) |v ; 1456 | |
| 852 | |a INST |b SAMOS |e 19941103 |h 512.2 GRO |p 005300007800 |q 005300007800 |t BK |y 0 | ||
| 909 | |a Σ |b 029303 | ||